00718nam a2200241 i 4500001001100000003000500011005001700016008004100033040002500074082001400099090001900113100005200132245004100184264006600225300002300291336002100314337002500335338002300360500004400383650002000427942001000447999001900457C2-0321033PPAK20180728120325.0130127s2012 my |||| ||||| | may d aPPAKbengcPPAKerda04a297.422300a297.4bABUdKK0 aAbu Khalid Walid Mustafa Al - Jaddawi, eauthor10aDosa manusia mengundang bencana alam 1aKedah : bJabatan Hal Ehwal Agama Islam Negeri Kedah , c2012 a16 pages ; c21 cm 2rdacontentatext 2rdamediaaunmediated 2rdacarrieravolume aKhutbah Jumaat- Teks dalam tulisan jawi10aIslamic sermons ddccB c121579d121579